000 01175nam a22002177a 4500
999 _c168642
_d168642
005 20191018114651.0
010 _aB-730569
020 _a9789353093709
_c40.00
035 _aB-730569
037 _bडी.बी.ए.डी./ उपहार
082 _a
100 _aमहबूबानी, लविना
245 _aएक पहेली सा कंकाल /
_cलविना महबूबानी ; राजसी रे द्वारा चित्रांकित ; ऋषि माथुर द्वारा हिन्दी अनुवाद
260 _aनई दिल्ली
_bप्रथम बुक्स
_c2018
270 _a#621, 2nd floor, 5th Main, OMBR Layout, Banaswadi,
_bBengaluru
_e560043
_k+91 80 42052574, 91 11 41042483
300 _a16पृ.
_bसचित्र
_c14x20 सेमी (अजिल्द)
700 _928835
_aरे, राजसी
700 _928836
_aमाथुर, ऋषि
942 _2ddc
_cCH
_h
_mमहबू